书目信息 |
| 题名: |
跋涉之旅
|
|
| 作者: | 邢民 著 | |
| 分册: | ||
| 出版信息: | 大连 大连理工大学出版社 2008.09 |
|
| 页数: | 250页 | |
| 开本: | 26cm | |
| 丛书名: | ||
| 单 册: | ||
| 中图分类: | TU318 | |
| 科图分类: | ||
| 主题词: | 建筑结构--jian zhu jie gou--结构设计 | |
| 电子资源: | ||
| ISBN: | 978-7-5611-4384-1 | |
| 000 | 00928nam0 2200253 450 | |
| 001 | 012009916874 | |
| 005 | 20090917135249.75 | |
| 010 | @a978-7-5611-4384-1@dCNY108.00 | |
| 100 | @a20090917d2008 em y0chiy0120 ea | |
| 101 | 0 | @achi |
| 102 | @aCN@b210000 | |
| 105 | @aa a 000yy | |
| 106 | @ar | |
| 200 | 1 | @a跋涉之旅@Aba she zhi lu@e邢民结构设计实鉴@f邢民著@Fxing min zhu |
| 210 | @a大连@c大连理工大学出版社@d2008.09 | |
| 215 | @a250页@c图@d26cm | |
| 320 | @a有书目 (第249-250页) | |
| 330 | @a本书有作者从其18年的结构工程设计实践中撷取的六个典型工程的结构设计实录:多哥共和国洛美体育场、全总职工之家扩建配套工程、河南省体育中心体育场、中国国家大剧院、中国国家游泳中心(水立方)。 | |
| 517 | 1 | @a邢民结构设计实鉴@Axing min jie gou she ji shi jian |
| 606 | 0 | @a建筑结构@Ajian zhu jie gou@x结构设计 |
| 690 | @aTU318@v4 | |
| 701 | 0 | @a邢民@Axing min@4著 |
| 801 | 0 | @aCN@bQSSK@c20090917 |
| 905 | @b753644@dTU318@eX613@f1 | |
| 跋涉之旅:邢民结构设计实鉴/邢民著.-大连:大连理工大学出版社,2008.09 |
| 250页:图;26cm |
| ISBN 978-7-5611-4384-1:CNY108.00 |
| 本书有作者从其18年的结构工程设计实践中撷取的六个典型工程的结构设计实录:多哥共和国洛美体育场、全总职工之家扩建配套工程、河南省体育中心体育场、中国国家大剧院、中国国家游泳中心(水立方)。 |
| ● |
| 相关链接 |
|
|
|
正题名:跋涉之旅
索取号:TU318/X613
 
预约/预借
| 序号 | 登录号 | 条形码 | 馆藏地/架位号 | 状态 | 备注 |
| 1 | 753644 | 207536442 | 土木与交通工程学院资料室/土木与交通学院资料室 1排1列1层/ [索取号:TU318/X613] | 在馆 |